000 00953nam a2200301Ia 4500
001 Para_7284
003 CHAP
008 220125s1941 xx 000 0 und d
010 _a206172
040 _cCHAP
082 _aPA-C 636.5 B86
100 _aHarris, C.E.
_9172383
245 _aPoultry project for 4-H club members brooding chicks /
_c by C.E. Harris, Stanley Caton and J.B. Broks
260 _aLexington, Ky :
_b University of Kentuchy. College of Agriculture
300 _a24 p.
440 _aCircular; 358
_9172384
500 _aEncuadernado con otros impresos similares
650 _aAves de corral
_x industria
_98654
650 _aAvicultura
_x colecciones de escritos
_9172340
700 _aCaton, Stanley / Brooks, J.B.
_9172385
901 _aPA-C 636.5 B86
902 _aA
905 _a0000001941 a 0000000000 00
910 _a1941
942 _cPARA
942 _cPARA
_d1
999 _c206172
_d206172